25 Meistgestreamte Guns N Roses Songs auf Spotify (Stand: 07.02.2026) - Statistiken

Allgemein
  • Dieses Quiz wurde 12 mal gespielt
  • Das Durchschnittsergebnis liegt bei 11 aus 25
Antwortstatistiken
Platzierung Album Antwort % Korrekt
4 Use Your Illusion I November Rain
91%
3 Appetite for Destruction Paradise City
91%
2 Appetite for Destruction Welcome To The Jungle
82%
5 Use Your Illusion II Knockin' On Heaven's Door
73%
1 Appetite for Destruction Sweet Child O' Mine
73%
8 Use Your Illusion I Live And Let Die
64%
10 Use Your Illusion II Civil War
55%
6 Use Your Illusion Don't Cry
55%
7 G N' R Lies Patience
55%
16 Appetite for Destruction It's So Easy
45%
11 Appetite for Destruction Nightrain
45%
12 Use Your Illusion II Estranged
36%
14 Appetite for Destruction Mr. Brownstone
36%
20 Appetite for Destruction My Michelle
36%
25 Interview with the Vampire – Original Motion Picture Soundtrack; Cover eines Rolling Stones Songs Sympathy For The Devil
36%
17 Use Your Illusion Yesterdays
36%
13 The Spaghetti Incident? Since I Dont Have You
27%
9 Use Your Illusion II You Could Be Mine
27%
22 Chinese Democracy Better
18%
21 Appetite for Destruction Out Ta Get Me
18%
18 Appetite for Destruction Rocket Queen
18%
15 Chinese Democracy This I Love
18%
23 Use Your Illusion 14Years
9%
19 G N' R Lies Used To Love Her
9%
24 Appetite for Destruction Think About You
0%
Keine übereinstimmenden Quizze gefunden
Verteilung der Resultate
Anzahl Personen mit jedem Resultat
Perzentil nach korrekt beantworteten Fragen
Ihre Resultats-Entwicklung
Sie haben dieses Quiz noch nicht gespielt